000 00821nam a2200277Ia 4500
003 OSt
005 20220926024446.0
006 a|||||r|||| 00| 0
007 ta
008 220923b |||||||| |||| 00| 0 eng d
020 _a1859734030
037 _cGeneral Book
040 _aRTL
_cRTL
_beng
041 _2eng
_aeng
082 _aW:17.933.N7, P1
100 _aKnowles Chantal
_9330760
245 0 _aCollecting colonialism
_bMaterial culture and colon
260 _aOxford
_bBerg
_c2001
300 _axxi, 234p
_ccm.
500 _aBibliography: P 217-27; Appendix: P 213-16
650 _a Political Science
650 _aColonialism
_9330761
700 _a Gosden Chris
_9330762
942 _hW:17.933.N7, P1
_cGB
_2CC
999 _c644306
_d644306